Normal view
MARC view
Entry Personal Name
001 - CONTROL NUMBER
- control field: 3741
003 - CONTROL NUMBER IDENTIFIER
- control field: OSt
005 - DATE AND TIME OF LATEST TRANSACTION
- control field: 20190325114129.0
008 - FIXED-LENGTH DATA ELEMENTS
- fixed length control field: 190325|| aca||aabn | a|a d
040 ## - CATALOGING SOURCE
- Original cataloging agency: OSt
- Transcribing agency: OSt
100 ## - HEADING--PERSONAL NAME
- Personal name: India. Ministry of Labour and Employment and Training. Directorate General of Employment and Training
670 ## - SOURCE DATA FOUND
- Source citation: Work cat.: (OSt): India. Ministry of Labour and Employment and Training. Directorate General of Employment and Training, Census of central government employees, 1979-1983, 1980
